000 00654nam a2200205Ii 4500
003 JO-AjNU
008 230605s9999||||xx |||||||||||||| ||und||
017 _a2002/3/245
040 _aJO-AjNU
_bara
_erda
_cJO-AjNU
041 _aara
050 1 4 _aPJ8000.2.H372 2002
100 3 _aإعداد حسن، فهد حسين,
_eauthor
_949176
245 0 0 _aمن الأدب الخليجي
264 3 1 _aعمان: أمانة عمان الكبرى، 2002
300 _a309ص
336 _atext
_btxt
_2rdacontent
337 _aunmediated
_bn
_2rdamedia
338 _avolume
_bnc
_2rdacarrier
650 4 _aالأدب العربي - الشعر العربي
_949177
999 _aA21583
_c25151
_d25151